Euskadi 4: Municipios en castellano / Udalak gaztelaniaz - Estadísticas

Estadísticas generales
  • Esta prueba ha sido intentada 92 veces
  • La puntuación promedio es 23 de 50
Estadísticas de respuestas
Hint Respuesta % Correcto
Donostia San Sebastián
96%
Bilbo Bilbao
94%
Gasteiz Vitoria
93%
Getxo Guecho
92%
Galdakao Galdácano
83%
Plentzia Plencia
83%
Sopela Sopelana
83%
Arrasate Mondragón
82%
Zarautz Zarauz
79%
Leioa Lejona
78%
Pasaia Pasajes
76%
Laudio Llodio
75%
Mutriku Motrico
68%
Bastida Labastida
67%
Hondarribia Fuenterrabía
65%
Guardia Laguardia
65%
Oñati Oñate
64%
Zumaia Zumaya
60%
Karrantza Harana Valle de Carranza
53%
Trapagaran Valle de Trápaga
53%
Oiartzun Oyarzun
49%
Agurain Salvatierra
49%
Dulantzi Alegría
47%
Legutio Legutiano
44%
Erriberagoitia Ribera Alta
40%
Erribera Beitia Ribera Baja
39%
Gordexola Gordejuela
38%
Markina-Xemein Marquina-Jeméin
38%
Turtzioz Trucíos
36%
Muskiz Musques
32%
Soraluze Placencia de las Armas
29%
Sukarrieta Pedernales
26%
Errezil Régil
26%
Donemiliaga San Millán
26%
Larrabetzu Larrabezúa
25%
Loiu Lujua
25%
Ordizia Villafranca de Ordizia o Villafranca de Oria
25%
Abanto-Zierbena Abanto y Ciérvana
22%
Artziniega Arceniega
22%
Leintz-Gatzaga Salinas de Léniz
22%
Urizaharra Peñacerrada
21%
Aramaio Aramayona
19%
Burgelu Elburgo
19%
Mañueta Baños de Ebro
17%
Harana Valle de Arana
17%
Errigoiti Rigoitia
13%
Gaubea Valdegovía
11%
Ezkio-Itsaso Ezquioga-Ichaso
10%
Bidania-Goiatz Bidegoyan
4%
Areatza Villaro
3%
No se encontraron pruebas coincidentes
Distribución de puntuación
Porcentaje de gente con cada puntuación
Porcentaje por número respondido
Historial de tus puntuaciones
No has intentado esta prueba.